000 01001nam a2200289Ia 4500
003 OSt
005 20220930090313.0
006 a|||||r|||| 00| 0
007 ta
008 220926b |||||||| |||| 00| 0 eng d
024 _a109220
037 _cTheses
040 _aCRL
_cCRL
_beng
041 _2eng
_aeng
100 _aMeena Rajesh Kumar
_9542270
110 _aUniversity of Delhi. Faculty of Medical Sciences. Department of Paediatrics
245 0 _aClinico investigative study of children with persistent and recurrent pneumonia
260 _c2010
300 _a94p.
_ap.
_ccm.
650 _aCHILDREN - DISEASES
700 _a Dr. M. K. Narula Gu.
_9532593
700 _a Dr. V. S. Randhawa Gu.
_9532804
700 _a Dr. Varinder Singh Gu.
_9533725
700 _aUniversity of Delhi. Faculty of Medical Sciences. Department of Paediatrics
942 _cDIS
_2CC
999 _c880364
_d880364